LEADER 01261oam 2200421zu 450 001 9910133609903321 005 20241212220253.0 010 $a9780769547749 010 $a0769547745 035 $a(CKB)3280000000025386 035 $a(SSID)ssj0001107010 035 $a(PQKBManifestationID)12444566 035 $a(PQKBTitleCode)TC0001107010 035 $a(PQKBWorkID)11074289 035 $a(PQKB)10795902 035 $a(NjHacI)993280000000025386 035 $a(EXLCZ)993280000000025386 100 $a20160829d2012 uy 101 0 $aeng 135 $aur||||||||||| 181 $ctxt 182 $cc 183 $acr 200 10$a2012 International Conference on Frontiers in Handwriting Recognition 210 31$a[Place of publication not identified]$cIEEE$d2012 215 $a1 online resource 300 $aBibliographic Level Mode of Issuance: Monograph 311 08$a9781467322621 311 08$a1467322628 606 $aOptical pattern recognition$vCongresses 615 0$aOptical pattern recognition 676 $a006.42 702 $aIEEE Staff 801 0$bPQKB 906 $aPROCEEDING 912 $a9910133609903321 996 $a2012 International Conference on Frontiers in Handwriting Recognition$92525833 997 $aUNINA